Farm Animals / (Record no. 330907)
[ view plain ]
| 000 -LEADER | |
|---|---|
| fixed length control field | 00383cam a2200157ua 4500 |
| 041 ## - LANGUAGE CODE | |
| Language code of text/sound track or separate title | eng |
| Language code of original | |
| 082 ## - DEWEY DECIMAL CLASSIFICATION NUMBER | |
| Classification number | 636 |
| Item number | HAM/FA |
| 100 ## - MAIN ENTRY--PERSONAL NAME | |
| Personal name | Hammond, John . |
| 245 ## - TITLE STATEMENT | |
| Title | Farm Animals / |
| Statement of responsibility, etc. | John Hammond. |
| Medium | Textual Documents |
| 250 ## - EDITION STATEMENT | |
| Edition statement | 2 / |
| Remainder of edition statement | . |
| 260 ## - PUBLICATION, DISTRIBUTION, ETC. (IMPRINT) | |
| Place of publication, distribution, etc. | London : |
| Name of publisher, distributor, etc. | Edward Arnold Publishers Ltd , |
| Date of publication, distribution, etc. | 1965. |
| 300 ## - PHYSICAL DESCRIPTION | |
| Extent | 322 ; . |
| 504 ## - BIBLIOGRAPHY, ETC. NOTE | |
| Bibliography, etc | |
| 942 ## - ADDED ENTRY ELEMENTS (KOHA) | |
| Koha item type | Books (General) |
| Withdrawn status | Lost status | Damaged status | Not for loan | Home library | Current library | Date acquired | Total Checkouts | Full call number | Barcode | Date last seen | Price effective from | Koha item type |
|---|---|---|---|---|---|---|---|---|---|---|---|---|
| Kelappaji College of Agricultural Engineering & Technology Library, Tavanur | Kelappaji College of Agricultural Engineering & Technology Library, Tavanur | 07/04/2012 | 636 | KAU_KCAEFT-12627 | 03/09/2025 | 07/04/2012 | Books (General) |
